| 000 | 02888nam0a22004211 4500 | ||
|---|---|---|---|
| 001 | RU\NLR\A1\26609 | ||
| 005 | 20260407103945.0 | ||
| 035 | _a(NLR Aleph) 009680928 | ||
| 090 |
_a9701674 _c9701674 |
||
| 100 | _a19980427d1776 a y0rusy50 ca | ||
| 101 | 2 |
_arus _afre _ager _alat _agrc _clat |
|
| 102 | _aRU | ||
| 140 | _ay y ff yaa0000 | ||
| 200 | 1 |
_aШкольные разговоры _fПереводил с латинскаго на российской язык Мартин Шванвиц, гимназии ректор |
|
| 210 |
_a[Москва] _cпечатаны в типографии Императорскаго Московскаго университета _d1776 |
||
| 215 |
_a319, [1] с. _d8° |
||
| 303 | _aЗагл. и текст на рус., лат., нем., греч. и фр. яз. | ||
| 305 | _aЗагл. ориг.: Tirocinium dialogicum, continens centuriam collquiorum | ||
| 316 |
_aЭкз. РНБ (18.74.5.28) в состав. карт. пер., обтянутом бумагой, с кож. корич. корешком и уголками. Корешок гладкий, с золотым тиснением, загл.: "Школьные разговоры", годом: "1776". Внизу корешка золотого тиснения гербовый суперэкслибрис Импер. б-ки с буквами И.Б. Вверху корешка бумажная наклейка с указанием порядкового номера книги на полке: «28». На нижней крышке пер. экслибрис Рус. фонда ГПБ с шифром. Обрез крапчатый синий. На форзаце ярлык с шифром РНБ. На тит. л. типогр. марка Имп. Моск. ун-та. На тит. л., с.33 и 319 круглый штамп ГПБ _5NLR: 18.74.5.28 |
||
| 317 |
_aВ экз. РНБ (18.74.5.28) на тит. л. владельч. надпись: "Карл Эттер", на с.[1] надпись: "Книга сия подарена Имп: П: Б. г-м Комиссионером Эттером в апреле 1817" _5NLR: 18.74.5.28 |
||
| 321 | 1 | _aСК XVIII 3447 | |
| 620 | _dМосква | ||
| 700 | 1 |
_aЛанге _bИ. _f1670-1744 _gИоахим _4070 |
|
| 702 | 1 |
_aШванвиц _bМ. _f-1740 _gМартин _4730 |
|
| 702 | 1 |
_4390 _7ca _8rus _aЭттер _bК. А. _f1774-1831 _gКарл Антонович _9238295 _3RU\NLR\AUTH\770238351 |
|
| 712 | 0 | 2 |
_4610 _aМосковский университет _bТипография _3RU\NLR\AUTH\889932963 _9361140 |
| 801 | 0 |
_aRU _bNLR _c19980427 |
|
| 852 |
_aNLR _j18.74.5.28 |
||
| 899 | _aВСИАХМЗ | ||
| 899 | _aРГБ | ||
| 899 | _aБАН | ||
| 899 |
_aЯИАМЗ _y2 экз. |
||
| 899 | _aНГОНБ | ||
| 942 | _cBOOK | ||
| 980 | _aNB | ||
| 980 | 9 | _akprsl | |
| 980 | _aA1XVIIIv | ||